000 005210000a22001930004500
003 LK-CoMWRAF
005 20231109124637.0
008 230817t ||||| |||| 00| 0 eng d
020 _a955107601X
040 _aLK-CoMWRAF
_dLK-CoMWRAF
_eLK-CoMWRAF
041 _aeng
082 _a823
_bCRE
245 _aCreative expressions :
_bFourteen short stories
260 _aMahanuwara :
_bKandy Books,
_c2004
300 _a 165p. ; 21cm
650 _aShort stories--English
700 _aSanderatne,, Nimal
_eed.
942 _cBK
999 _c1143
_d1143